00989nam a2200325 a 45000010005000000030006000050050017000110080041000280100017000690200015000860200014001010400018001150420009001330500024001420820012001661000021001782450099001992500024002982600038003223000059003604400025004195050007004445200064004515210018005155210018005336500028005516500019005796500024005987000041006222836FISKH20240116153710.0930323s1993 nyua j 000 1 eng  a 93077586  a0307301907 a030796034 aDLCcDLCbeng alcac00aPZ10.3.K84bPo 199300a[E]2201 aKorman, Justine.14aThe poky little puppy's first Christmas /cby Justine Korman ; illustrations by Jean Chandler. aFirst Edition 2002  aNew York :bA Golden Book ;c1993 a24 unnumbered pages : bcolor illustrations ; c21 cm. 2aA Little golden book aK  aFive little puppies celebrate Christmas with their friends.8 a520 bLexile 8 aK bRaz-Plus  0aDogsxJuvenile fiction. 1aDogsxFiction. 1aChristmasxFiction.1 aChandler, Jean,d1927-eillustrator